Facebook Graph API Development With Flash (Record no. 327553)

MARC details
000 -LEADER
fixed length control field 00486nam a2200169Ia 4500
008 - FIXED-LENGTH DATA ELEMENTS--GENERAL INFORMATION
fixed length control field 230718s9999 xx 000 0 und d
020 ## - INTERNATIONAL STANDARD BOOK NUMBER
International Standard Book Number 9789350233023
041 ## - LANGUAGE CODE
Language code of text/sound track or separate title eng
082 ## - DEWEY DECIMAL CLASSIFICATION NUMBER
Classification number 006.76
Item number WIL
100 ## - MAIN ENTRY--PERSONAL NAME
Personal name Williams M.J.
9 (RLIN) 176159
245 ## - TITLE STATEMENT
Title Facebook Graph API Development With Flash
Remainder of title Beginner's Guide
260 ## - PUBLICATION, DISTRIBUTION, ETC. (IMPRINT)
Date of publication, distribution, etc. 2011
Name of publisher, distributor, etc. Packt Pub.
300 ## - PHYSICAL DESCRIPTION
Extent 305
365 ## - TRADE PRICE
Currency code Rs.
Price amount 325.00
700 ## - ADDED ENTRY--PERSONAL NAME
Personal name Williams M.J.
9 (RLIN) 176159
906 ## - LOCAL DATA ELEMENT F, LDF (RLIN)
d O:0166722-Mar-2011B:745118-Mar-2011
c COMP
b 81.25
Holdings
Withdrawn status Lost status Damaged status Not for loan Home library Current library Date acquired Vendor Budget Code Cost, normal purchase price Bill number Total Checkouts Full call number Barcode Date last seen Discount Cost, replacement price Bill Date Koha item type Original Barcode
        Cummins College of Engineering for Women Pune Cummins College of Engineering for Women Pune 22/03/2011 Tbs COMP 243.75 7451   006.76 CCEP-BK-38760 18/07/2023 81.25 325.00 18/03/2011 Books 038760